000 00203 a2200097 4500
001 42748
100 _aHill
245 _aWater Cooler Painting
260 _aLondon
_bBlandford
_c
090 _c26639
_d26639
942 _aNUST-CAE
_cM
_c18490
999 _c277821
_d277821